MARC

LEADER 00000nas a2200000 a 4500
001 ssj0015994
003 WaSeSS
005 20200512172242.0
006 m d
007 cr n
008 000725c19909999sz mr pss 0 0eng c
010 |a  2006264653 
016 7 |a 012434692  |2 Uk 
022 |a 1423-0305  |l 1016-2291  |y 1016-2291 
035 |a (WaSeSS)ssj0015994 
037 |b S. Karger AG, Allschwilerstrasse 10, CH-4009 Basel, Switzerland 
040 |a F#A  |b eng  |c F#A  |d OCLCQ  |d OCL  |d SBH  |d LGG  |d OCLCQ  |d UKMGB  |d OCLCQ  |d OCLCO  |d OCLCF  |d OCLCO  |d OCLCQ  |d OCLCO  |d OCLCQ  |d Z5A  |d OCLCO  |d OCLCA  |d BUF  |d OCLCA  |d AU@  |d OCLCO  |d WYU  |d AUD  |d VT2  |d WaSeSS 
042 |a pcc 
050 4 |a RD593  |b .C5 
060 0 0 |a W1  |b PE168ML 
130 0 |a Pediatric neurosurgery (Online) 
245 1 0 |a Pediatric neurosurgery  |h [electronic resource]. 
260 |a [Basel, Switzerland] :  |b Karger 
310 |a Monthly,  |b <1995-> 
321 |a Six no. a year,  |b 1991-<1994> 
362 1 |a Print began with 16/1, published in 1990. 
506 |a License restrictions may limit access. 
538 |a Mode of access: World Wide Web. 
588 |a Description based on: Vol. 31, no. 4 (Oct. 1999); title from journal information screen (OCLC FirstSearch, viewed June 6, 2000). 
588 |a Latest issue consulted: Vol. 42, no. 6 (Oct. 2006) (Karger website, viewed Oct. 24, 2006). 
650 0 |a Pediatric neurology  |v Periodicals. 
650 0 |a Nervous system  |x Diseases  |v Periodicals. 
650 0 |a Nervous system  |x Surgery  |v Periodicals. 
650 7 |a Nervous system  |x Diseases.  |2 fast  |0 (OCoLC)fst01036098 
650 7 |a Nervous system  |x Surgery.  |2 fast  |0 (OCoLC)fst01036143 
650 7 |a Pediatric neurology.  |2 fast  |0 (OCoLC)fst01056441 
650 2 |a Nervous System Diseases  |x Child  |v Periodicals. 
650 2 |a Nervous System Diseases  |x Infant  |v Periodicals. 
650 2 |a Neurosurgery  |x Child  |v Periodicals. 
650 2 |a Neurosurgery  |x Infant  |v Periodicals. 
655 0 |a Electronic journals. 
776 0 8 |i Print version:  |t Pediatric neurosurgery  |x 1016-2291  |w (DLC)sn 91038327  |w (OCoLC)24861594 
780 0 0 |t Pediatric neuroscience  |x 0255-7975  |w (OCoLC)741479008 
856 4 0 |z Full text available from Research Library: 01/01/1998 to 11/30/2015  |u https://search.proquest.com/publication/34044